| 000 | 01441nam a2200217 a 4500 | ||
|---|---|---|---|
| 001 | 000036086 | ||
| 005 | 20200930074850.0 | ||
| 008 | 111129s1998 dr 000 0 spa d | ||
| 040 |
_aDO-SdBNP _bspa _cBNPHU |
||
| 082 |
_a759.97293 _bL183L |
||
| 100 | 1 |
_aLahit-Bignott, Nereida _962121 |
|
| 245 | 1 | 0 |
_aLuis Desangles : _bun pintor antillano / _cNereida Lahit-Bignott ; prólogo Cándido Gerón. |
| 260 |
_aSanto Domingo : _bAmigo del Hogar, _c1998. |
||
| 300 |
_a275 p. : _bil., retrs. ; _c30 cm. |
||
| 505 | 0 |
_gPresentación / _rMary L. de Marranzini _gPrólogo / _rCándido Gerón _gPrefacio / _rRicardo Repilado _gEtapa dominicana 1861-1901 -- _tEducación artística -- _tEl matrimonio -- _tEl taller Desangles -- _tUn colaborador de Hostos -- _tLuis Desangles -- _tPuerto Rico -- _tRegreso del exilio -- _tTemas en la pintura -- _tEl tema costumbrista -- _tLa arquitectura colonial -- _tEl retrato -- _tTema religioso -- _tLa escultura -- _gEtapa cubana 1904-1940 -- _tLuis Desangles -- _tViaje a Estados Unidos -- _tRetorno a Santiago de Cuba -- _tCompromiso con la patria -- _tLa muerte del pintor -- _tLuis Desangles en la pupila de la crítica artística -- _gEpistolario -- _gApéndices -- _gNotas -- _gBibliografía -- _gBook review |
|
| 590 | _aInventariado, 2018/LP | ||
| 600 | 1 | 4 |
_aDESANGLES, LUIS _d1861-1940 _962122 |
| 650 | 4 |
_aPintura dominicana _91858 |
|
| 700 | 1 | 2 |
_aGarcía, Cándido, _d1950- _epról. _962123 |
| 910 | _aValidado. Control de calidad BNPHU | ||
| 999 |
_c35577 _d35577 |
||